LEADER 00402nam 2200145z- 450 001 9910691226803321 035 $a(CKB)5470000002345098 035 $a(EXLCZ)995470000002345098 100 $a20230503cuuuuuuuu -u- - 101 0 $aeng 200 00$aAlcohol involvement in fatal crashes 906 $aDOCUMENT 912 $a9910691226803321 996 $aAlcohol involvement in fatal crashes$93099430 997 $aUNINA